[Event "GER-ch Youth ODJM 2019"]
[Site "Willingen"]
[Date "2019.06.11"]
[Round "4.9"]
[White "Schilay, Lorenz"]
[Black "Weber, Samuel"]
[Result "0-1"]
[WhiteElo "1888"]
[BlackElo "2160"]
[Annotator "TA"]
[PlyCount "40"]
[EventDate "2019.06.07"]
[EventType "swiss"]
[EventRounds "9"]
[EventCountry "GER"]
[SourceTitle "playchess.com"]
[Source "ChessBase"]
[SourceQuality "1"]

{[%evp 9,40,0,-19,0,-7,-29,22,0,66,58,81,-33,-22,-11,-8,-16,-21,-3,-30,-189,-194,-322,-311,-350,-350,-697,-311,-810,-806,-1168,-1162,-1445,-1446]} 1. e4 e5 2. Nf3 Nc6 3. Nc3 Nf6 4. a3 g6 (4... d5 5. Bb5 Nxe4 6. Qe2 Qd6 7. Nxe4 dxe4 8. Qxe4 Bd7 9. d3 O-O-O 10. O-O Re8 11. Qe2 Qg6 12. Be3 Bd6 {0-1 (55) Caruana,F (2816)-Kramnik,V (2792) Paris 2018}) 5. Nxe5 Nxe5 6. d4 {C47: Scotch Four Knights and Four Knights with 4 g3} Nc6 {Threatens to win with ...d5.} 7. d5 $1 Nb8 (7... Ne5 $142 8. f4 Neg4) 8. e5 $11 {The position is equal.} Qe7 (8... Nh5 $1 $11) 9. Qe2 $14 Ng8 $146 {[#]} ({Predecessor:} 9... Ng4 10. Qxg4 Qxe5+ 11. Be2 f5 12. Qa4 {1-0 (32) Damia,A (2313)-De Vita,G (2052) Lignano Sabbiadoro 2018}) 10. d6 (10. Ne4 $1 $16 {Strongly threatening Bg5.} Bh6 11. d6) 10... cxd6 $15 11. Bf4 {Hoping for Nd5.} Na6 12. Nd5 Qe6 13. O-O-O $1 {And now Qe3 would win.} dxe5 14. Qd2 $2 (14. Qxe5 $11 Qxe5 15. Bxe5) 14... Ne7 $19 {White must now prevent ...Qxd5.} ({Don't go for} 14... exf4 $2 15. Bxa6 Bd6 16. Rhe1 $18) 15. Bxa6 (15. Bc4 {might work better.} f6 {[#]} 16. Nc7+ $1 {[%mdl 512]} Nxc7 17. Bxe6 Nxe6 18. Be3) 15... Qxd5 (15... Nxd5 $2 16. Bc4 $17) 16. Qe2 Qe6 ({Weaker is} 16... Qxg2 17. Qxe5 Qg4 18. Be2 $19) 17. Bxe5 $2 (17. Qxe5 f6 18. Qxe6 dxe6 19. Bb5+ Nc6 20. Be3) 17... f6 ({Less strong is} 17... Qxa6 18. Qxa6 bxa6 19. Bxh8 $17) (17... bxa6 $142 18. Rhe1 f6) 18. Rd6 $2 (18. Bd6) 18... Qxe5 {Black is clearly winning.} 19. Qd2 bxa6 20. Re1 {[#]} Bh6 $1 {Accuracy: White = 50%, Black = 56%.} 0-1

[Event "GER-ch Youth ODJM 2019"]
[Site "Willingen"]
[Date "2019.06.11"]
[Round "4.10"]
[White "Schimnatkowski, Lukas"]
[Black "Kotyk, Michael"]
[Result "0-1"]
[WhiteElo "2139"]
[BlackElo "1966"]
[Annotator "NA"]
[PlyCount "129"]
[EventDate "2019.06.07"]
[EventType "swiss"]
[EventRounds "9"]
[EventCountry "GER"]
[SourceTitle "playchess.com"]
[Source "ChessBase"]
[SourceQuality "1"]
[TimeControl "40/5400+30:1800+30"]

1. e4 {[%emt 0:00:00]} e5 {[%emt 0:00:00]} 2. Nf3 {[%emt 0:00:00]} Nc6 {[%emt 0:00:02]} 3. c3 {[%emt 0:00:06]} d5 {[%emt 0:00:04]} 4. Qa4 {[%emt 0:00:10]} f6 {[%emt 0:00:08]} 5. Bb5 {[%emt 0:00:22]} Qd6 {[%emt 0:00:16]} 6. exd5 {[%emt 0:01:34]} Qxd5 {[%emt 0:00:07]} 7. Bxc6+ {[%emt 0:02:14]} bxc6 {[%emt 0:11:14]} 8. O-O {[%emt 0:01:45]} Bd6 {[%emt 0:00:29]} 9. c4 {[%emt 0:04:28]} Qc5 {[%emt 0:01:45]} 10. d3 {[%emt 0:06:57]} Qb6 {[%emt 0:14:33]} 11. Be3 {[%emt 0:04:09]} Bc5 {[%emt 0:03:57]} 12. Bxc5 {[%emt 0:01:36]} Qxc5 13. Re1 {[%emt 0:08:29]} Kf7 {[%emt 0:04:30]} 14. Nc3 {[%emt 0:01:01]} Ne7 {[%emt 0:04:33]} 15. Rad1 {[%emt 0:02:44]} Rd8 {[%emt 0:02:37]} 16. Ne4 {[%emt 0:15:29]} Qb6 {[%emt 0:00:10]} 17. Qa3 {[%emt 0:02:20]} Nf5 18. Ng3 {[%emt 0:12:41]} Nxg3 {[%emt 0:14:30]} 19. hxg3 {[%emt 0:00:06]} c5 {[%emt 0:00:18]} 20. Rc1 {[%emt 0:10:53]} Qb4 {[%emt 0:19:01]} 21. Rc3 {[%emt 0:02:00]} Bf5 {[%emt 0:00:12]} 22. Re3 {[%emt 0:00:16]} Rdb8 {[%emt 0:02:14]} 23. Re2 {[%emt 0:01:47]} a5 {[%emt 0:02:36]} 24. Rb3 {[%emt 0:00:55]} Qxa3 {[%emt 0:00:01]} 25. Rxa3 {[%emt 0:00:07]} a4 {[%emt 0:00:06]} 26. Kf1 {[%emt 0:01:46]} g5 {[%emt 0:04:59]} 27. Rc2 {[%emt 0:03:53]} Rb4 {[%emt 0:00:43]} 28. Ke1 {[%emt 0:01:14]} Rab8 {[%emt 0:02:40]} 29. Kd2 {[%emt 0:00:19]} Bd7 {[%emt 0:03:03]} 30. Kc3 {[%emt 0:01:26]} Bc6 {[%emt 0:00:50]} 31. g4 {[%emt 0:05:31]} Bd7 {[%emt 0:01:35]} 32. Nh2 {[%emt 0:00:18]} Rh8 33. f3 {[%emt 0:00:51]} h5 {[%emt 0:03:33]} 34. gxh5 {[%emt 0:00:04]} Rxh5 {[%emt 0:00:12]} 35. Nf1 {[%emt 0:00:03]} f5 {[%emt 0:01:44]} 36. Ng3 {[%emt 0:01:48]} Rh2 {[%emt 0:00:33]} 37. b3 {[%emt 0:00:49]} Kf6 {[%emt 0:01:10]} 38. Rd2 {[%emt 0:01:26]} Ke6 {[%emt 0:02:31]} 39. Rf2 {[%emt 0:00:35]} Rh8 {[%emt 0:01:04]} 40. Ne2 {[%emt 0:01:59]} Rh4 {[%emt 0:01:16]} 41. g3 {[%emt 0:32:26]} Rh8 {[%emt 0:05:29]} 42. d4 {[%emt 0:00:00]} exd4+ {[%emt 0:06:20]} 43. Nxd4+ {[%emt 0:00:00]} cxd4+ {[%emt 0:01:20]} 44. Kxb4 {[%emt 0:00:00]} Kd6 {[%emt 0:00:02]} 45. Rxa4 {[%emt 0:00:00]} Rb8+ {[%emt 0:01:54]} 46. Ka3 {[%emt 0:00:00]} Bxa4 {[%emt 0:00:17]} 47. Kxa4 {[%emt 0:00:00]} Kc5 {[%emt 0:00:36]} 48. Ka3 {[%emt 0:00:00]} d3 {[%emt 0:00:06]} 49. Kb2 {[%emt 0:00:00]} Kd4 {[%emt 0:00:14]} 50. Rh2 {[%emt 0:00:00]} Re8 {[%emt 0:00:45]} 51. Rh7 {[%emt 0:00:00]} Re2+ {[%emt 0:00:33]} 52. Ka3 {[%emt 0:00:00]} Kc3 {[%emt 0:03:31]} 53. Rxc7 {[%emt 0:00:00]} Re8 {[%emt 0:00:10]} 54. Ka4 {[%emt 0:00:00]} Rd8 {[%emt 0:02:05]} 55. Rh7 {[%emt 0:00:00]} d2 {[%emt 0:00:05]} 56. Rh1 {[%emt 0:00:00]} Re8 {[%emt 0:00:15]} 57. Rd1 {[%emt 0:00:00]} Kc2 {[%emt 0:00:01]} 58. Rxd2+ {[%emt 0:00:00]} Kxd2 {[%emt 0:00:01]} 59. c5 {[%emt 0:00:00]} Ke3 {[%emt 0:00:07]} 60. b4 {[%emt 0:00:00]} Kxf3 {[%emt 0:01:27]} 61. b5 {[%emt 0:00:00]} Ke4 {[%emt 0:00:18]} 62. b6 {[%emt 0:00:08]} Kd5 {[%emt 0:01:28]} 63. Kb5 {[%emt 0:00:16]} Re1 {[%emt 0:00:15]} 64. a4 {[%emt 0:00:55]} Rb1+ {[%emt 0:00:28]} 65. Ka6 {[%emt 0:00:05] normal} 0-1

[Event "GER-ch Youth ODJM 2019"]
[Site "Willingen"]
[Date "2019.06.11"]
[Round "4.11"]
[White "Teichert, Felix"]
[Black "Tscheuschner, Georg"]
[Result "1/2-1/2"]
[WhiteElo "2027"]
[BlackElo "2113"]
[Annotator "NA"]
[PlyCount "105"]
[EventDate "2019.06.07"]
[EventType "swiss"]
[EventRounds "9"]
[EventCountry "GER"]
[SourceTitle "playchess.com"]
[Source "ChessBase"]
[SourceQuality "1"]
[TimeControl "40/5400+30:1800+30"]

1. e4 {[%emt 0:00:00]} c5 {[%emt 0:00:00]} 2. Ne2 {[%emt 0:00:00]} Nf6 {[%emt 0:01:30]} 3. Nbc3 {[%emt 0:00:00]} d6 {[%emt 0:02:21]} 4. g3 {[%emt 0:00:54]} Nc6 {[%emt 0:01:06]} 5. Bg2 {[%emt 0:00:17]} g6 {[%emt 0:00:33]} 6. O-O {[%emt 0:03:15]} Bg7 {[%emt 0:07:44]} 7. d3 {[%emt 0:02:34]} Bg4 {[%emt 0:08:16]} 8. h3 {[%emt 0:02:01]} Bd7 {[%emt 0:00:40]} 9. Nd5 {[%emt 0:02:21]} Qc8 {[%emt 0:13:15]} 10. Kh2 {[%emt 0:08:38]} h5 {[%emt 0:11:53]} 11. c3 {[%emt 0:07:07]} e6 {[%emt 0:15:03]} 12. Nxf6+ {[%emt 0:01:36]} Bxf6 {[%emt 0:00:02]} 13. d4 {[%emt 0:01:50]} cxd4 {[%emt 0:02:21]} 14. cxd4 {[%emt 0:00:45]} h4 {[%emt 0:06:13]} 15. g4 {[%emt 0:00:54]} e5 {[%emt 0:00:41]} 16. d5 {[%emt 0:08:42]} Nb4 {[%emt 0:04:54]} 17. Bd2 {[%emt 0:06:43]} Nd3 {[%emt 0:00:46]} 18. Qb3 {[%emt 0:06:26]} Nc5 {[%emt 0:01:01]} 19. Qf3 {[%emt 0:00:45]} Be7 {[%emt 0:02:09]} 20. Rfc1 {[%emt 0:03:51]} Qd8 {[%emt 0:00:09]} 21. Rc2 {[%emt 0:04:51]} a5 {[%emt 0:01:06]} 22. b3 {[%emt 0:06:00]} Bg5 {[%emt 0:00:49]} 23. Be3 {[%emt 0:02:30]} Bxe3 {[%emt 0:04:06]} 24. Qxe3 {[%emt 0:00:05]} Bb5 {[%emt 0:01:57]} 25. Nc3 {[%emt 0:04:19]} Bd3 {[%emt 0:00:04]} 26. Rd2 {[%emt 0:00:27]} Ba6 {[%emt 0:00:08]} 27. Bf1 {[%emt 0:00:47]} O-O {[%emt 0:02:54]} 28. Bxa6 {[%emt 0:02:46]} bxa6 {[%emt 0:00:12]} 29. Qh6 {[%emt 0:01:11]} Qf6 {[%emt 0:00:25]} 30. Kg2 {[%emt 0:00:50]} Rac8 {[%emt 0:00:34]} 31. Rc1 {[%emt 0:02:37]} Qf4 {[%emt 0:00:34]} 32. Qxf4 {[%emt 0:00:55]} exf4 {[%emt 0:00:01]} 33. Kf3 {[%emt 0:01:58]} g5 {[%emt 0:00:33]} 34. Rcc2 {[%emt 0:11:02]} Kg7 {[%emt 0:05:39]} 35. Ne2 {[%emt 0:02:07]} Nd3 {[%emt 0:01:37]} 36. Rxd3 {[%emt 0:02:40]} Rxc2 {[%emt 0:00:04]} 37. Nd4 {[%emt 0:00:07]} Rxa2 {[%emt 0:00:28]} 38. Nf5+ {[%emt 0:00:07]} Kf6 {[%emt 0:00:57]} 39. Nxd6 {[%emt 0:00:38]} Rb8 {[%emt 0:02:53]} 40. Nc4 {[%emt 0:03:19]} a4 {[%emt 0:00:55]} 41. e5+ {[%emt 0:05:09]} Kg7 {[%emt 0:13:32]} 42. bxa4 {[%emt 0:08:01]} Rxa4 {[%emt 0:01:04]} 43. Nd6 {[%emt 0:00:59]} Rab4 {[%emt 0:01:23]} 44. Nf5+ {[%emt 0:01:06]} Kf8 {[%emt 0:01:40]} 45. Nd4 {[%emt 0:00:04]} Rc4 {[%emt 0:03:12]} 46. Nf5 {[%emt 0:07:26]} Rbc8 {[%emt 0:01:56]} 47. e6 {[%emt 0:03:15]} fxe6 {[%emt 0:00:28]} 48. dxe6 {[%emt 0:00:04]} Rc3 {[%emt 0:00:24]} 49. e7+ {[%emt 0:00:24]} Ke8 {[%emt 0:01:04]} 50. Nd6+ {[%emt 0:00:39]} Kd7 {[%emt 0:00:46]} 51. e8=Q+ {[%emt 0:01:20]} Rxe8 {[%emt 0:00:16]} 52. Rxc3 {[%emt 0:00:26]} Kxd6 {[%emt 0:00:05]} 53. Ra3 {[%emt 0:01:26] normal} 1/2-1/2

[Event "GER-ch Youth ODJM 2019"]
[Site "Willingen"]
[Date "2019.06.11"]
[Round "4.12"]
[White "Stemmler, Fabian"]
[Black "Fistoul, Boris"]
[Result "0-1"]
[WhiteElo "2014"]
[BlackElo "1918"]
[Annotator "NA"]
[PlyCount "43"]
[EventDate "2019.06.07"]
[EventType "swiss"]
[EventRounds "9"]
[EventCountry "GER"]
[SourceTitle "playchess.com"]
[Source "ChessBase"]
[SourceQuality "1"]
[TimeControl "40/5400+30:1800+30"]

1. d4 {[%emt 0:00:00]} b6 {[%emt 0:00:56]} 2. e4 {[%emt 0:00:46]} Bb7 {[%emt 0:00:36]} 3. Nc3 {[%emt 0:01:16]} e6 {[%emt 0:01:43]} 4. Bd3 {[%emt 0:06:35]} Nf6 {[%emt 0:03:22]} 5. Nge2 {[%emt 0:03:51]} Be7 {[%emt 0:01:46]} 6. O-O {[%emt 0:01:14]} O-O {[%emt 0:01:12]} 7. Bf4 {[%emt 0:06:16]} d6 {[%emt 0:03:52]} 8. h3 {[%emt 0:04:06]} Nbd7 {[%emt 0:03:54]} 9. Bh2 {[%emt 0:09:51]} Re8 {[%emt 0:07:38]} 10. e5 {[%emt 0:17:15]} dxe5 {[%emt 0:03:46]} 11. dxe5 {[%emt 0:00:05]} Nd5 {[%emt 0:00:26]} 12. Nxd5 {[%emt 0:00:28]} Bxd5 {[%emt 0:01:16]} 13. c4 {[%emt 0:07:56]} Bb7 {[%emt 0:02:31]} 14. Qc2 {[%emt 0:00:24]} h6 {[%emt 0:02:45]} 15. Rad1 {[%emt 0:00:19]} c6 {[%emt 0:03:01]} 16. Nc3 {[%emt 0:03:24]} Qc7 {[%emt 0:02:32]} 17. f4 {[%emt 0:04:03]} Rad8 {[%emt 0:14:05]} 18. f5 {[%emt 0:13:00]} Nxe5 {[%emt 0:07:29]} 19. Ne4 {[%emt 0:06:58]} exf5 {[%emt 0:04:40]} 20. Rxf5 {[%emt 0:00:24]} f6 {[%emt 0:01:25]} 21. Rff1 {[%emt 0:04:12]} c5 {[%emt 0:05:44]} 22. Qc3 {[%emt 0:02:45] normal} 0-1

[Event "GER-ch Youth ODJM 2019"]
[Site "Willingen"]
[Date "2019.06.11"]
[Round "4.13"]
[White "Hofmann, Lorenz"]
[Black "Wuebker, Paul-Luca"]
[Result "1/2-1/2"]
[WhiteElo "2002"]
[BlackElo "2035"]
[Annotator "NA"]
[PlyCount "95"]
[EventDate "2019.06.07"]
[EventType "swiss"]
[EventRounds "9"]
[EventCountry "GER"]
[SourceTitle "playchess.com"]
[Source "ChessBase"]
[SourceQuality "1"]
[TimeControl "40/5400+30:1800+30"]

1. e4 {[%emt 0:00:00]} c5 {[%emt 0:00:00]} 2. Nf3 {[%emt 0:00:00]} d6 {[%emt 0:00:00]} 3. d4 {[%emt 0:00:00]} cxd4 {[%emt 0:00:00]} 4. Nxd4 {[%emt 0:00:00]} Nf6 {[%emt 0:00:00]} 5. Nc3 {[%emt 0:00:00]} g6 {[%emt 0:00:01]} 6. Be3 {[%emt 0:00:00]} Bg7 {[%emt 0:00:06]} 7. f3 {[%emt 0:00:00]} O-O {[%emt 0:00:06]} 8. Bc4 {[%emt 0:00:25]} Nc6 {[%emt 0:00:04]} 9. Qd2 {[%emt 0:00:15]} Bd7 {[%emt 0:00:06]} 10. h4 {[%emt 0:01:38]} h5 {[%emt 0:00:25]} 11. O-O-O {[%emt 0:01:27]} Ne5 {[%emt 0:01:20]} 12. Bb3 {[%emt 0:04:49]} a5 {[%emt 0:00:38]} 13. a4 {[%emt 0:03:11]} Rc8 {[%emt 0:05:28]} 14. Bh6 {[%emt 0:03:05]} Nc4 {[%emt 0:06:03]} 15. Bxc4 {[%emt 0:08:10]} Rxc4 {[%emt 0:01:02]} 16. Bxg7 {[%emt 0:00:05]} Kxg7 {[%emt 0:00:10]} 17. g4 {[%emt 0:13:13]} hxg4 {[%emt 0:11:32]} 18. h5 {[%emt 0:02:51]} Rh8 {[%emt 0:01:08]} 19. hxg6 {[%emt 0:03:34]} fxg6 {[%emt 0:03:13]} 20. f4 {[%emt 0:11:51]} e5 {[%emt 0:13:50]} 21. fxe5 {[%emt 0:04:06]} dxe5 {[%emt 0:01:21]} 22. Ne6+ {[%emt 0:00:53]} Bxe6 {[%emt 0:00:13]} 23. Qxd8 {[%emt 0:00:03]} Rxd8 {[%emt 0:00:06]} 24. Rxd8 {[%emt 0:00:03]} Nxe4 {[%emt 0:00:06]} 25. Nxe4 {[%emt 0:01:38]} Rxe4 {[%emt 0:00:07]} 26. b3 {[%emt 0:01:16]} Kf6 {[%emt 0:02:57]} 27. Rd6 {[%emt 0:01:40]} Kf5 {[%emt 0:06:08]} 28. Rh8 {[%emt 0:12:05]} g3 {[%emt 0:01:03]} 29. Rf8+ {[%emt 0:01:04]} Kg5 {[%emt 0:00:23]} 30. Rxe6 {[%emt 0:00:40]} g2 {[%emt 0:03:56]} 31. Rxg6+ {[%emt 0:00:05]} Kxg6 {[%emt 0:00:06]} 32. Rg8+ {[%emt 0:00:02]} Kf5 {[%emt 0:01:30]} 33. Rxg2 {[%emt 0:00:11]} Rg4 {[%emt 0:02:59]} 34. Rf2+ {[%emt 0:01:52]} Ke6 {[%emt 0:02:25]} 35. Kd2 {[%emt 0:00:22]} b6 {[%emt 0:05:12]} 36. Rh2 {[%emt 0:00:47]} Rg6 {[%emt 0:00:40]} 37. Kd3 {[%emt 0:00:44]} Kd5 {[%emt 0:02:01]} 38. Rh3 {[%emt 0:02:06]} Rf6 {[%emt 0:02:00]} 39. Rh4 {[%emt 0:07:07]} Re6 {[%emt 0:04:27]} 40. Rh8 {[%emt 0:05:54]} Rg6 {[%emt 0:02:48]} 41. Rd8+ {[%emt 0:31:32]} Kc5 {[%emt 0:31:17]} 42. Ke4 {[%emt 0:01:30]} Rg2 {[%emt 0:10:54]} 43. Kxe5 {[%emt 0:01:33]} Re2+ {[%emt 0:00:38]} 44. Kf4 {[%emt 0:00:07]} Kb4 {[%emt 0:04:31]} 45. Rc8 {[%emt 0:00:54]} Ka3 {[%emt 0:01:00]} 46. Kf3 {[%emt 0:00:39]} Re6 {[%emt 0:00:16]} 47. Rc4 {[%emt 0:04:11]} Kb2 {[%emt 0:03:15]} 48. Rc7 {[%emt 0:00:06] normal} 1/2-1/2

[Event "GER-ch Youth ODJM 2019"]
[Site "Willingen"]
[Date "2019.06.11"]
[Round "4.14"]
[White "von Estorff, Jacob"]
[Black "Schlick, Stefan"]
[Result "1-0"]
[WhiteElo "2041"]
[BlackElo "2017"]
[Annotator "NA"]
[PlyCount "54"]
[EventDate "2019.06.07"]
[EventType "swiss"]
[EventRounds "9"]
[EventCountry "GER"]
[SourceTitle "playchess.com"]
[Source "ChessBase"]
[SourceQuality "1"]
[TimeControl "40/5400+30:1800+30"]

1. e4 {[%emt 0:00:00]} e5 {[%emt 0:00:00]} 2. Nf3 {[%emt 0:00:05]} Nc6 {[%emt 0:00:09]} 3. d4 {[%emt 0:01:21]} exd4 {[%emt 0:00:07]} 4. Nxd4 {[%emt 0:00:05]} Nf6 {[%emt 0:00:36]} 5. Nxc6 {[%emt 0:02:17]} bxc6 {[%emt 0:00:14]} 6. Bd3 {[%emt 0:02:09]} d5 {[%emt 0:01:29]} 7. e5 {[%emt 0:02:57]} Nd7 {[%emt 0:15:30]} 8. O-O {[%emt 0:01:27]} Nc5 {[%emt 0:01:44]} 9. f4 {[%emt 0:03:47]} Nxd3 {[%emt 0:03:13]} 10. cxd3 {[%emt 0:01:42]} g6 {[%emt 0:05:01]} 11. Qc2 {[%emt 0:08:04]} c5 {[%emt 0:08:32]} 12. h3 {[%emt 0:07:14]} h5 {[%emt 0:02:17]} 13. b4 {[%emt 0:06:40]} cxb4 {[%emt 0:04:21]} 14. Qc6+ {[%emt 0:01:46]} Bd7 {[%emt 0:14:28]} 15. Qxd5 {[%emt 0:00:22]} Be6 {[%emt 0:00:34]} 16. Qc6+ {[%emt 0:00:14]} Bd7 {[%emt 0:01:45]} 17. Qf3 {[%emt 0:00:37]} Bc5+ {[%emt 0:10:08]} 18. Be3 {[%emt 0:00:20]} Bxe3+ {[%emt 0:02:28]} 19. Qxe3 {[%emt 0:00:05]} O-O {[%emt 0:04:58]} 20. Nd2 {[%emt 0:00:53]} Bb5 {[%emt 0:06:18]} 21. Rf3 {[%emt 0:02:20]} f5 {[%emt 0:02:32]} 22. exf6 {[%emt 0:02:18]} Qxf6 {[%emt 0:00:15]} 23. Rc1 {[%emt 0:11:11]} Rfd8 {[%emt 0:01:17]} 24. Nc4 {[%emt 0:08:40]} Bxc4 {[%emt 0:02:45]} 25. Rxc4 {[%emt 0:00:18]} Re8 {[%emt 0:01:54]} 26. Qc5 {[%emt 0:01:28]} Qb6 {[%emt 0:04:26] normal} 27. Rg3 {[%emt 0:06:03] normal} Kf7 {[%emt 0:03:28] normal} 1-0

[Event "GER-ch Youth ODJM 2019"]
[Site "Willingen"]
[Date "2019.06.11"]
[Round "4.15"]
[White "Nasoyan, Maksim"]
[Black "Wachinger, David"]
[Result "1-0"]
[WhiteElo "1877"]
[BlackElo "2066"]
[Annotator "NA"]
[PlyCount "105"]
[EventDate "2019.06.07"]
[EventType "swiss"]
[EventRounds "9"]
[EventCountry "GER"]
[SourceTitle "playchess.com"]
[Source "ChessBase"]
[SourceQuality "1"]
[TimeControl "40/5400+30:1800+30"]

1. d4 {[%emt 0:00:00]} Nf6 {[%emt 0:00:00]} 2. c4 {[%emt 0:00:00]} g6 {[%emt 0:00:00]} 3. Nc3 {[%emt 0:00:00]} Bg7 {[%emt 0:00:01]} 4. e4 {[%emt 0:00:00]} d6 {[%emt 0:00:10]} 5. Nf3 {[%emt 0:00:08]} O-O {[%emt 0:00:13]} 6. Be2 {[%emt 0:00:03]} e5 {[%emt 0:00:16]} 7. d5 {[%emt 0:00:04]} a5 {[%emt 0:00:33]} 8. Bg5 {[%emt 0:01:20]} h6 {[%emt 0:01:18]} 9. Bh4 {[%emt 0:00:04]} Qe8 {[%emt 0:12:32]} 10. Nd2 {[%emt 0:00:13]} Bd7 {[%emt 0:04:11]} 11. b3 {[%emt 0:00:35]} Na6 {[%emt 0:00:25]} 12. O-O {[%emt 0:01:07]} Nh7 {[%emt 0:03:50]} 13. f3 {[%emt 0:00:21]} h5 {[%emt 0:18:43]} 14. Bf2 {[%emt 0:00:11]} f5 {[%emt 0:06:36]} 15. a3 {[%emt 0:01:37]} f4 {[%emt 0:11:23]} 16. b4 {[%emt 0:10:58]} g5 {[%emt 0:02:13]} 17. c5 {[%emt 0:02:12]} Qg6 {[%emt 0:04:43]} 18. c6 {[%emt 0:09:15]} bxc6 {[%emt 0:03:00]} 19. dxc6 {[%emt 0:01:10]} Bc8 {[%emt 0:00:00]} 20. Nd5 {[%emt 0:00:56]} Rf7 {[%emt 0:04:29]} 21. b5 {[%emt 0:10:44]} Nc5 {[%emt 0:00:34]} 22. b6 {[%emt 0:00:07]} cxb6 {[%emt 0:02:07]} 23. Nxb6 {[%emt 0:03:11]} Rb8 {[%emt 0:00:01]} 24. Nxc8 {[%emt 0:01:38]} Rxc8 {[%emt 0:00:01]} 25. Bxc5 {[%emt 0:01:04]} dxc5 {[%emt 0:01:15]} 26. Bc4 {[%emt 0:00:06]} Qxc6 {[%emt 0:04:51]} 27. Qb3 {[%emt 0:02:21]} Rcc7 {[%emt 0:00:15]} 28. Bd5 {[%emt 0:03:04]} Qe8 {[%emt 0:00:51]} 29. Rac1 {[%emt 0:01:41]} Bf8 {[%emt 0:00:17]} 30. Qb6 {[%emt 0:03:00]} Kg7 {[%emt 0:01:52]} 31. Bxf7 {[%emt 0:00:07]} Rxf7 {[%emt 0:00:15]} 32. Nc4 {[%emt 0:02:46]} g4 {[%emt 0:02:57]} 33. Nd6 {[%emt 0:01:58]} Bxd6 {[%emt 0:00:09]} 34. Qxd6 {[%emt 0:00:04]} Rf6 {[%emt 0:00:20]} 35. Qc7+ {[%emt 0:00:53]} Kh6 {[%emt 0:00:08]} 36. Rxc5 {[%emt 0:00:37]} gxf3 {[%emt 0:01:45]} 37. gxf3 {[%emt 0:04:55]} Re6 {[%emt 0:05:02]} 38. Rxa5 {[%emt 0:06:58]} Ng5 {[%emt 0:00:44]} 39. Kf2 {[%emt 0:11:43]} Re7 {[%emt 0:09:27]} 40. Qd6+ {[%emt 0:03:37]} Kh7 {[%emt 0:00:52]} 41. Rc1 {[%emt 0:31:03]} Nf7 {[%emt 0:07:13]} 42. Qf6 {[%emt 0:00:00]} Re6 {[%emt 0:00:14]} 43. Qf5+ {[%emt 0:00:00]} Kh8 {[%emt 0:00:06]} 44. Rac5 {[%emt 0:00:00]} Qd7 {[%emt 0:01:03]} 45. Rc8+ {[%emt 0:00:00]} Nd8 {[%emt 0:00:03]} 46. Qxh5+ {[%emt 0:00:00]} Kg8 {[%emt 0:00:11]} 47. Rg1+ {[%emt 0:00:00]} Kf8 {[%emt 0:00:07]} 48. Qh8+ {[%emt 0:00:00]} Ke7 {[%emt 0:00:07]} 49. Rxd8 {[%emt 0:00:00]} Qa7+ {[%emt 0:03:06]} 50. Kg2 {[%emt 0:00:00]} Rg6+ {[%emt 0:00:39]} 51. Kh3 {[%emt 0:00:00]} Qxg1 {[%emt 0:00:17]} 52. Qf8+ {[%emt 0:00:00]} Ke6 {[%emt 0:00:10]} 53. Rd6# {[%emt 0:00:00] normal} 1-0